The works of Quaid-i-Azam Muhammad Ali Jinnah 1919-1920 (Record no. 21115)

MARC details
000 -LEADER
fixed length control field 00542nam a2200181Ia 4500
005 - DATE AND TIME OF LATEST TRANSACTION
control field 20260427115736.0
008 - FIXED-LENGTH DATA ELEMENTS--GENERAL INFORMATION
fixed length control field 231207s9999 xx 000 0 und d
020 ## - INTERNATIONAL STANDARD BOOK NUMBER
International Standard Book Number 9698329072
040 ## - CATALOGING SOURCE
Transcribing agency PK-LaNCA
082 ## - DEWEY DECIMAL CLASSIFICATION NUMBER
Classification number 080
Item number WOR
100 ## - MAIN ENTRY--PERSONAL NAME
Author Name Riaz Ahmad
245 #4 - TITLE STATEMENT
Title The works of Quaid-i-Azam Muhammad Ali Jinnah 1919-1920
260 ## - PUBLICATION, DISTRIBUTION, ETC.
Name of publisher, distributor, etc. Quaid-i-Azam University
Place of publication, distribution, etc. Islamabad
Date of publication, distribution, etc. 2002
300 ## - PHYSICAL DESCRIPTION
Pages ixiv, 557p
546 ## - LANGUAGE NOTE
Language note English
650 ## - SUBJECT ADDED ENTRY--TOPICAL TERM
Subject Muhammad Ali Jinnah, 1876-1948--Public life--Documents collection. Pakistan--History.
942 ## - ADDED ENTRY ELEMENTS (KOHA)
Koha item type Book
999 ## -
-- 21115
-- 21115
Holdings
Withdrawn status Weedout from Library Permanent Location Current Location Shelving location Date acquired Full call number Barcode Price effective from Koha item type
    NATIONAL COLLEGE OF ARTS, LAHORE - LIBRARY NATIONAL COLLEGE OF ARTS, LAHORE - LIBRARY General Section Library Basement 08/12/2023 080 WOR 25377 25377 08/12/2023 Book